|
|
|
|
| LEADER |
01564cam a2200277 i 4500 |
| 001 |
19733115 |
| 003 |
GR-PaULI |
| 005 |
20220830092251.0 |
| 008 |
170606s2020 gr f 000 magre c |
| 952 |
|
|
|0 0
|1 0
|2 ddc
|4 0
|6 889_830000000000000_3_ΚΑΖ
|7 0
|9 363638
|a LISP
|b LISP
|c BSC
|d 2022-08-30
|i 257999
|l 0
|o 889.830 3 ΚΑΖ
|p 025000292855
|r 2022-08-30 00:00:00
|t 1
|w 2022-08-30
|y BK15
|
| 999 |
|
|
|c 212493
|d 212493
|
| 020 |
|
|
|a 9789609969048
|q
|
| 040 |
|
|
|a GR-PaULI
|b gre
|c GR-PaULI
|e AACR2
|
| 082 |
0 |
4 |
|2 23
|a 889.830 3
|
| 100 |
1 |
|
|9 6798
|a Καζαντζάκης, Νίκος
|d 1883-1957,
|e συγγραφέας
|
| 245 |
1 |
0 |
|a Άγιον Όρος :
|b Ν/βρης - Δ/βρης 1914 : ημερολόγιο /
|c Νίκος Καζαντζάκης ; επιμέλεια-εισαγωγή-σχόλια Χριστίνα Ντουνιά, Παρασκευή Βασιλειάδη.
|
| 250 |
|
|
|a 2η έκδ.
|
| 260 |
|
|
|a Ηράκλειο :
|b Μουσείο Νίκου Καζαντζάκη,
|c 2020.
|
| 300 |
|
|
|a xxxvii, 125, 17 σ. με πίνακες ;
|c 21 εκ.
|
| 500 |
|
|
|a Περιλαμβάνει ευρετήριο.
|
| 600 |
1 |
4 |
|9 183227
|a Καζαντζάκης, Νίκος
|d 1883-1957
|x Ταξίδια
|
| 651 |
|
4 |
|9 81160
|a Άγιο Όρος
|x Περιγραφή και ταξίδια
|
| 700 |
1 |
|
|9 103265
|a Ντουνιά, Χριστίνα,
|d 1952-
|e επιμελήτρια
|e συγγραφέας εισαγωγής
|
| 700 |
1 |
|
|9 193488
|a Βασιλειάδη, Παρασκευή
|e επιμελήτρια
|e συγγραφέας εισαγωγής
|
| 942 |
|
|
|2 ddc
|c BK
|
| 998 |
|
|
|c ΓΚΟΓΚΟΥ
|d 2022-08
|